000 00656nam a22002177a 4500
999 _c14182
_d14182
003 AR-CdUCM
008 190422b ||||| |||| 00| 0 spa d
040 _aMUNICIPALIDAD PROVINCIAL DEL CUSCO
_cBIBLIOTECA MUNICIPAL DEL CUSCO
082 _a869.51 /
_bG66
100 _aGonzáles Erpillo, Agustino
_932856
245 _aLa Yacuruna /
260 _aCusco :
_bInstituto nacional de cultura,
_c2005.
300 _a33 paginas ;
_bilustraciones,
_c21 cm.
500 _aCuentos
650 _aCuento
_94671
650 _aLiteratura
_983
650 _aHistoria
_9136
700 _aSanchez Paz, Carlos
_93998
942 _2ddc
_cLIBROS
945 _apjha
_d2019-04-22